Lista de encabezamientos de materia para bibliotecas. (Record no. 51602)

MARC details
000 -LEADER
fixed length control field 00869cam a22002411 4500
001 - CONTROL NUMBER
control field pa 67000008
003 - CONTROL NUMBER IDENTIFIER
control field DLC
005 - DATE AND TIME OF LATEST TRANSACTION
control field 20260227111857.0
008 - FIXED-LENGTH DATA ELEMENTS--GENERAL INFORMATION
fixed length control field 770407s1967 dcu 000 0 spa c
010 ## - LIBRARY OF CONGRESS CONTROL NUMBER
LC control number pa 67000008
035 ## - SYSTEM CONTROL NUMBER
System control number (OCoLC)2869253
040 ## - CATALOGING SOURCE
Original cataloging agency Pan American Union.
Transcribing agency Tx
Modifying agency OCoLC
-- DLC
042 ## - AUTHENTICATION CODE
Authentication code premarc
050 00 - LIBRARY OF CONGRESS CALL NUMBER
Classification number Z695
Item number .R683
100 1# - MAIN ENTRY--PERSONAL NAME
Personal name Rovira, Carmen.
245 10 - TITLE STATEMENT
Title Lista de encabezamientos de materia para bibliotecas.
Statement of responsibility, etc. Compilada por Carmen Rovira y Jorge Aguayo.
260 ## - PUBLICATION, DISTRIBUTION, ETC.
Place of publication, distribution, etc. Washington,
Name of publisher, distributor, etc. Unión Panamericana,
Date of publication, distribution, etc. 1967.
300 ## - PHYSICAL DESCRIPTION
Extent 3 v.
Dimensions 28 cm.
410 20 - SERIES STATEMENT/ADDED ENTRY--CORPORATE NAME [OBSOLETE, CAN/MARC], [LOCAL, USA]
Corporate name or jurisdiction name as entry element Columbus Memorial Library.
Title of a work Manuales del bibliotecario,
Volume number/sequential designation no. 6
505 0# - FORMATTED CONTENTS NOTE
Formatted contents note v. 1. A-H.--v. 2. I-Z.--v. 3. Indice de los encabezamientos en inglés y sus equivalentes en español.
650 #0 - SUBJECT ADDED ENTRY--TOPICAL TERM
Topical term or geographic name entry element Subject headings, Spanish.
700 1# - ADDED ENTRY--PERSONAL NAME
Personal name Aguayo, Jorge,
Dates associated with a name 1903-
Relator term joint author.

No items available.

Powered by Koha